<?xml version="1.0" encoding="UTF-8"?>
<record
    xmlns:xsi="http://www.w3.org/2001/XMLSchema-instance"
    xsi:schemaLocation="http://www.loc.gov/MARC21/slim http://www.loc.gov/standards/marcxml/schema/MARC21slim.xsd"
    xmlns="http://www.loc.gov/MARC21/slim">

  <leader>01569nam a2200205 a 4500</leader>
  <controlfield tag="008">180208t2001    ag ||||gr|||| 00| 0 spa d</controlfield>
  <datafield tag="020" ind1=" " ind2=" ">
    <subfield code="a">9504907210</subfield>
  </datafield>
  <datafield tag="041" ind1=" " ind2=" ">
    <subfield code="a">spa</subfield>
  </datafield>
  <datafield tag="092" ind1=" " ind2=" ">
    <subfield code="c">808</subfield>
    <subfield code="l">13</subfield>
    <subfield code="s">COE</subfield>
  </datafield>
  <datafield tag="100" ind1="1" ind2=" ">
    <subfield code="a">Coelho, Paulo</subfield>
    <subfield code="9">2923</subfield>
  </datafield>
  <datafield tag="245" ind1="3" ind2=" ">
    <subfield code="a">El demonio y la se&#xF1;orita Prym /</subfield>
    <subfield code="c">Paulo Coelho</subfield>
  </datafield>
  <datafield tag="250" ind1=" " ind2=" ">
    <subfield code="a">1a ed.</subfield>
    <subfield code="b">Traducci&#xF3;n M. Dolors Vent&#xF3;s</subfield>
  </datafield>
  <datafield tag="260" ind1=" " ind2=" ">
    <subfield code="a">Buenos Aires:</subfield>
    <subfield code="b">Planeta;</subfield>
    <subfield code="c">2001.</subfield>
  </datafield>
  <datafield tag="300" ind1=" " ind2=" ">
    <subfield code="a">201 p.</subfield>
  </datafield>
  <datafield tag="500" ind1=" " ind2=" ">
    <subfield code="a">Coelho, P. (2001). El demonio y la se&#xF1;orita Prym. (1a ed.). Buenos Aires : Planeta.</subfield>
  </datafield>
  <datafield tag="505" ind1=" " ind2=" ">
    <subfield code="a">Una comunidad dividida por la codicia,la cobard&#xED;a y el miedo. Un hombre perseguido por el fantasma de un pasado doloroso. Una joven en busca de la felicidad. Siete d&#xED;as, un breve per&#xED;odo durante el cual el Bien y el Mal librar&#xE1;n una batalla decisiva y cada personaje  decidir&#xE1; a cu&#xE1;l de los bandos pertenece.
La peque&#xF1;a localidad de Viscos, perdida en el tiempo y espacio, ser&#xE1; el marco de esa inquietante lucha. Con la llegada de un extranjero, la ciudad se convierte en c&#xF3;mplice de una trama perversa que marcar&#xE1; para siempre la historia de sus escasos habitantes. El extranjero ha viajado desde muy lejos buscando la respuesta a una pregunta que lo atormenta: en su esencia, &#xBF;el ser humano es bueno o malo?.
El Demonio y la se&#xF1;orita Prym es un texto emocionante, una novela cargada de tensi&#xF3;n que plantea una cuesti&#xF3;n esencial sobre la que todos nosotros nos hemos parado a reflexionar alguna vez.</subfield>
  </datafield>
  <datafield tag="590" ind1=" " ind2=" ">
    <subfield code="a">Proyecto 4to Libro. Donaci&#xF3;n Pardo, Paula. marzo 2020.</subfield>
  </datafield>
  <datafield tag="655" ind1=" " ind2=" ">
    <subfield code="a">Literatura</subfield>
    <subfield code="9">2917</subfield>
  </datafield>
  <datafield tag="942" ind1=" " ind2=" ">
    <subfield code="2">ddc</subfield>
    <subfield code="c">LIT</subfield>
  </datafield>
  <datafield tag="999" ind1=" " ind2=" ">
    <subfield code="c">3082</subfield>
    <subfield code="d">3082</subfield>
  </datafield>
  <datafield tag="952" ind1=" " ind2=" ">
    <subfield code="0">0</subfield>
    <subfield code="1">0</subfield>
    <subfield code="2">ddc</subfield>
    <subfield code="4">0</subfield>
    <subfield code="7">0</subfield>
    <subfield code="a">BFM</subfield>
    <subfield code="b">BFM</subfield>
    <subfield code="c">CR</subfield>
    <subfield code="d">2020-03-11</subfield>
    <subfield code="e">Donaci&#xF3;n Pardo, Paula. marzo 2020</subfield>
    <subfield code="l">1</subfield>
    <subfield code="m">3</subfield>
    <subfield code="o">808 13 COE</subfield>
    <subfield code="p">4648</subfield>
    <subfield code="r">2021-03-31</subfield>
    <subfield code="s">2020-03-16</subfield>
    <subfield code="t">Ej. 1</subfield>
    <subfield code="w">2020-03-11</subfield>
    <subfield code="y">LIT</subfield>
    <subfield code="z">Donaci&#xF3;n Pardo, Paula. Marzo 2020</subfield>
  </datafield>
</record>
